LEADER 01024nam a2200277 a 4500 001 000000134371 003 CaOOAMICUS 005 20130613100950.0 008 130613s1999 it u000 u ita r 020 $a88-15-07103-2 040 $aPUL$bita 100 1 $aProdi, Romano.$0(OLS)http://pul/name/20796 245 13$aUn'idea dell'Europa /$cRomano Prodi. 260 $aBologna :$bIl Mulino,$cİ1999. 300 $a147 p. ;$c21 cm. 490 1 $aContemporanea ;$v106 651 4$aEuropa$xStoria.$0(OLS)http://pul/subject/6892 830 0$aContemporanea (Il Mulino) ;$v106.$0(OLS)http://pul/title/169917 850 $aPUL 852 $aPUL$W1$xDP1 Fondo E. Rossi$y115$m1 P 69$j154505$qFondi$B154054$CPULBib$Z2$F154054 $82 941 1 $a1 961 $aSul dorso collocazione ms. di E. Rossi: P 31 5 996 $6020$a88-15-07103-2$9(OLS)http://pul/number/153043 996 $6245$aUn'idea dell'Europa$9(OLS)http://pul/title/169916 996 $6260$aBologna :$bIl Mulino$9(OLS)http://pul/publisher/47928 LEADER 00973nam a2200253 a 4500 001 000000135336 003 CaOOAMICUS 005 20130904145424.0 008 130904s1966 it af u000 u ita r 040 $aPUL$bita 100 1 $aBosco, Umberto,$d1900-$0(OLS)http://pul/name/3724 245 10$aDante :$bla vita e le opere /$cUmberto Bosco. 260 $aTorino :$bERI,$c1966. 300 $a181 p., [4] c. di tav. :$bill. ;$c18 cm. 490 1 $aEri classe unica ;$v155 600 04$aDante Alighieri,$d1265-1321$xBiografia.$0(OLS)http://pul/subject/5291 830 0$aEri classe unica ;$v155.$0(OLS)http://pul/title/166168 850 $aPUL 852 $aPUL$W1$xDP1 Fondo E. Rossi$y115$m2 A 5$j11992$qFondi$B155372$CPULBib$Z2$F155372 $82 941 1 $a1 961 $aSul dorso collocazione ms. di E. Rossi: I 4 996 $6245$aDante :$bla vita e le opere$9(OLS)http://pul/title/112439 996 $6260$aTorino :$bERI$9(OLS)http://pul/publisher/49047